Dullar ve Reçeller (Record no. 2433)

000 -LEADER
fixed length control field 00495nam a22001817a 4500
008 - FIXED-LENGTH DATA ELEMENTS--GENERAL INFORMATION
fixed length control field 180720b xxu||||| |||| 00| | tur d
020 ## - INTERNATIONAL STANDARD BOOK NUMBER
International Standard Book Number 9789758859788
041 ## - LANGUAGE CODE
Language code of text/sound track or separate title Türkçe
050 ## - LIBRARY OF CONGRESS CALL NUMBER
Classification number PL248.B534
100 ## - MAIN ENTRY--PERSONAL NAME
9 (RLIN) 1269
Personal name Kenan Biberci
245 ## - TITLE STATEMENT
Title Dullar ve Reçeller
250 ## - EDITION STATEMENT
Edition statement 1. Baskı
260 ## - PUBLICATION, DISTRIBUTION, ETC.
Place of publication, distribution, etc. İstanbul
Name of publisher, distributor, etc. Kanat Kitap
Date of publication, distribution, etc. Mayıs 2008
300 ## - PHYSICAL DESCRIPTION
Extent 131 Sayfa
500 ## - GENERAL NOTE
General note Kanat Kitap: 76, Edebiyat Dizisi: 48

2 Adet mevcuttur.
650 #0 - SUBJECT ADDED ENTRY--TOPICAL TERM
9 (RLIN) 145
Topical term or geographic name entry element Türk Edebiyatı
942 ## - ADDED ENTRY ELEMENTS (KOHA)
Source of classification or shelving scheme
Koha item type Books
Holdings
Withdrawn status Lost status Source of classification or shelving scheme Damaged status Not for loan Permanent Location Current Location Shelving location Date acquired Full call number Barcode Date last seen Price effective from Koha item type
        Ödünç verilemez İmren Ahmet Tüzün Kütüphanesi İmren Ahmet Tüzün Kütüphanesi Ahmet Tüzün 2018-09-10 PL248.B534 100100002395 2018-09-10 2018-09-10 Books
        Ödünç verilemez İmren Ahmet Tüzün Kütüphanesi İmren Ahmet Tüzün Kütüphanesi İmren Tüzün 2019-09-07 PL248.B534 100100004073 2019-09-07 2019-09-07 Books

This software was implemented, installed and managed by Devinim Software Training Consulting .